Man and the land. (Record no. 549787)
[ view plain ]
| 000 -LEADER | |
|---|---|
| fixed length control field | 00398cam a22001331 4500 |
| 082 00 - DEWEY DECIMAL CLASSIFICATION NUMBER | |
| Classification number | 942 |
| Author Mark | STA |
| -- | L-27, P-3 |
| 100 1# - MAIN ENTRY--PERSONAL NAME | |
| Personal name | Stamp, L. Dudley |
| 9 (RLIN) | 46447 |
| 245 10 - TITLE STATEMENT | |
| Title | Man and the land. |
| Statement of responsibility, etc. | L. Dudley Stamp |
| 260 ## - PUBLICATION, DISTRIBUTION, ETC. | |
| Place of publication, distribution, etc. | London, |
| Name of publisher, distributor, etc. | Collins, |
| Date of publication, distribution, etc. | 1955. |
| 300 ## - PHYSICAL DESCRIPTION | |
| Extent | 272 p. |
| Other physical details | illus. |
| Dimensions | 23 cm. |
| 526 ## - STUDY PROGRAM INFORMATION NOTE | |
| Program name | 0 |
| Interest level | 0 |
| Reading level | 0 |
| Title point value | 942_000000000000000_STA |
| 650 #0 - SUBJECT ADDED ENTRY--TOPICAL TERM | |
| Topical term or geographic name entry element | Agriculture |
| Geographic subdivision | Great Britain |
| General subdivision | History. |
| 9 (RLIN) | 46448 |
| 942 ## - ADDED ENTRY ELEMENTS (KOHA) | |
| Source of classification or shelving scheme | |
| Koha item type | Book |
| Withdrawn status | Lost status | Source of classification or shelving scheme | Damaged status | Not for loan | Permanent Location | Current Location | Date acquired | Total Checkouts | Full call number | Barcode | Date last seen | Price effective from | Koha item type |
|---|---|---|---|---|---|---|---|---|---|---|---|---|---|
| Military College of Engineering (MCE) | Military College of Engineering (MCE) | 10/14/2014 | 942 STA | MCE-30972 | 10/14/2014 | 03/14/2021 | Book |
